000 00581nmm a2200241 a 4500
003 AR-BaBNM
005 20251128211401.0
008 154020s2004 ||||||||||||||000 | spa||
020 _a950-804-135-8
040 _cAR-BaBNM
100 1 _aSola, Cristóbal
245 1 0 _aEn la otra orilla
260 _aBuenos Aires
_bEdiciones Ultimo Reino
_c2004
300 _a93 p.
650 4 _aLITERATURA ARGENTINA
650 4 _aLITERATURA CONTEMPORANEA
650 4 _aCUENTOS
650 4 _aPOESIA
653 _aNARRATIVA
655 _aLITERATURA
942 _cBK
998 _cmartin
999 _c19449
_d19449